| 000 | 00842nam a2200217 a 4500 | ||
|---|---|---|---|
| 003 | 0 | ||
| 005 | 20250205145217.0 | ||
| 008 | 130905s19uu xx 00 eng d | ||
| 050 |
_aPHS LB 1065 _b.Ap645 2013 |
||
| 100 | _aApostol, Arj Mhon M. | ||
| 245 |
_aRelationship of punctuality and academic performance of selected grade 11 students / _cArj Mhon M. Apostol. |
||
| 260 |
_aLas PiƱas City, Philippines : _bSouthville International School and Colleges, _c2013. |
||
| 300 |
_a34 pages : _billustrations ; _c28 cm. |
||
| 504 | _aIncludes bibliographical references. | ||
| 650 | _aPunctuality in students. | ||
| 650 |
_aAcademic achievement _vHigh school students. |
||
| 650 |
_aTime management _vEducation. |
||
| 650 | _aStudent behavior and academic performance. | ||
| 650 |
_aEducational psychology _vStudy habits. |
||
| 942 |
_2lcc _cPASS |
||
| 999 |
_c99095 _d99095 |
||